Central Library OPAC University of Rajshahi

Refrigeration and air conditioning / (Record no. 73756)

MARC details
000 -LEADER
fixed length control field 00864nam a2200265 a 4500
001 - CONTROL NUMBER
control field 73756
003 - CONTROL NUMBER IDENTIFIER
rucl marc code BD-RjUL
005 - DATE AND TIME OF LATEST TRANSACTION
control field 20211209082436.0
008 - FIXED-LENGTH DATA ELEMENTS--GENERAL INFORMATION
fixed length control field 170608s1971 ii a 001 0 eng
035 ## - SYSTEM CONTROL NUMBER
System control number (BD-RjUL)73974
040 ## - CATALOGING SOURCE
Original cataloging agency DLC
Transcribing agency DZM
Modifying agency RCD
-- BD-RjUL
Language of cataloging eng
041 ## - LANGUAGE CODE
Language code of text/sound track or separate title eng
082 ## - DEWEY DECIMAL CLASSIFICATION NUMBER
Edition number 23
Classification number 621.56
Author mark and year JOR 1971
100 1# - MAIN ENTRY--PERSONAL NAME
Personal name Jordan, Richard C.
Fuller form of name (Richard Charles),
Dates associated with a name 1909-2002.
9 (RLIN) 218345
245 10 - TITLE STATEMENT
Title Refrigeration and air conditioning /
Statement of responsibility, etc. Richard C. Jordan and Gayle B. Priester.
250 ## - EDITION STATEMENT
Edition statement 2nd ed.
260 ## - PUBLICATION, DISTRIBUTION, ETC. (IMPRINT)
Place of publication, distribution, etc. New Delhi :
Name of publisher, distributor, etc. Prentice-Hall,
Date of publication, distribution, etc. 1948, 1956 [reprinted 1971]
300 ## - PHYSICAL DESCRIPTION
Pagination xv, 555 p. :
Illustrations ill. ;
Size 24 cm.
504 ## - BIBLIOGRAPHY, ETC. NOTE
Bibliography, etc Includes bibliography and index
650 #0 - SUBJECT ADDED ENTRY--TOPICAL TERM
Topical term or geographic name as entry element Refrigeration and refrigerating machinery.
9 (RLIN) 218346
Topical term or geographic name as entry element Air conditioning.
9 (RLIN) 218347
700 1# - ADDED ENTRY--PERSONAL NAME
Personal name Priester, Gayle B.
942 ## - ADDED ENTRY ELEMENTS (KOHA)
Source of classification or shelving scheme Dewey Decimal Classification
Koha item type Books
949 ## - LOCAL PROCESSING INFORMATION (OCLC)
a MYGE
Holdings
Lost status Source of classification or shelving scheme Damaged status Not for loan Collection code Permanent Location Current Location Shelving location Date acquired Source of acquisition Cost, normal purchase price Total Checkouts Full call number Date last seen Copy number Koha item type
  Dewey Decimal Classification   Not For Loan Non-fiction Central Library, University of Rajshahi Central Library, University of Rajshahi Reading Room 03/03/1976 N/A 0.00   621.56 JOR 1971 08/06/2017 C-1 Books
  Dewey Decimal Classification     Non-fiction Central Library, University of Rajshahi Central Library, University of Rajshahi   13/04/1974 Contineltal Publication 22.75   621.56 JOR 1971 26/02/2019 C-2 Books
  Dewey Decimal Classification     Non-fiction Central Library, University of Rajshahi Central Library, University of Rajshahi   11/03/1967 American Book Agency 18.75   621.56 JOR 1971 04/03/2019 C-3 Books
  Dewey Decimal Classification     Non-fiction Central Library, University of Rajshahi Central Library, University of Rajshahi   25/07/1973 Continental Publications 22.75   621.56 JOR 1956 03/10/2021 C-4 Books